| 000 | 01125nam0a22002651 4500 | ||
|---|---|---|---|
| 001 | rc\2834682 | ||
| 005 | 20110627121051.1 | ||
| 035 | _a(NLR Aleph) 006992495 | ||
| 090 |
_a5640238 _c5640238 |
||
| 100 | _a20110627d1931 |||y0rusy50 ca | ||
| 101 | 0 | _arus | |
| 102 | _aRU | ||
| 105 | _aa z ||||| | ||
| 200 | 1 |
_aСернистые красители. Кубовые красители. Протравные красители. Ледяные красители _fН.Н. Истомин, Е.В. Пустовалов, С.В. Хлудов |
|
| 210 |
_aМосква _cРИО Всекопромсоюза _d1931 _g13 тип. Огиз'а |
||
| 215 |
_a56 с. _cчерт. _d23х17 см |
||
| 225 | 1 |
_aЗаочные химико-красильные курсы _fВСНХ и ВСПК. Центр. бюро проф.-техн. заоч. обуч. _vВып. 6 |
|
| 700 | 1 |
_aИстомин _bН. Н. _gНиколай Николаевич |
|
| 701 | 1 |
_aПустовалов _bЕ. В. |
|
| 701 | 1 |
_aХлудов _bС. В. |
|
| 801 | 0 |
_aRU _bNLR _gpsbo |
|
| 801 | 1 |
_aRU _bELAR _2rusmarc |
|
| 852 |
_aNLR _j30-19/165(6) |
||
| 942 | _cBOOK | ||
| 980 | _aNB | ||